| 000 | 01027nam a2200241Ia 4500 | ||
|---|---|---|---|
| 003 | Ost | ||
| 005 | 20260507075342.0 | ||
| 008 | 260507s9999||||xx |||||||||||||| ||und|| | ||
| 020 | _a68353279779 | ||
| 040 | _cfsecg | ||
| 041 | _aara | ||
| 082 | _a330 | ||
| 100 |
_aعبد الباسط، عمار السيد _eمؤلف |
||
| 245 | 0 |
_aأثر الضريبة العامة على المبيعات على القوة الإدخارية في الإقتصاد / _c عمار السيد عبد الباسط |
|
| 260 |
_aالإسكندرية: _bمكتبة الوفاء القانونية, _c2011 |
||
| 300 |
_a283 صفحة؛ _bإيضاحات ؛ _c24 سم |
||
| 520 | _aالتعريف بالضريبة العامة على المبيعات وتطبيقها في مصر- أثر ضريبة المبيعات على القوة الإدخارية في الإقتصاد المصري | ||
| 653 | _aالإدخار | ||
| 653 | _aالإقتصاد | ||
| 653 | _aالضرائب | ||
| 653 | _aضريبة المبيعات | ||
| 942 | _cكتاب | ||
| 999 |
_c44096 _d44096 |
||